[Event "TUR-chT 2nd League"]
[Site "Denizli"]
[Date "2023.07.12"]
[Round "6.143"]
[White "Egeli, Sercan Veli"]
[Black "Ilek, Kadir Bertan"]
[Result "1/2-1/2"]
[WhiteElo "1643"]
[BlackElo "1667"]
[PlyCount "164"]
[EventDate "2023.07.09"]
[EventType "team-swiss"]
[EventRounds "9"]
[EventCountry "TUR"]
[SourceTitle "CBM 215 Extra"]
[Source "ChessBase"]
[SourceDate "2023.09.30"]
[SourceVersion "1"]
[SourceVersionDate "2023.09.30"]
[SourceQuality "1"]
[WhiteTeam "Denizli Gelisim"]
[BlackTeam "Karaman Yunus Emre"]
[WhiteTeamCountry "TUR"]
[BlackTeamCountry "TUR"]

1. e4 c6 2. d4 d5 3. exd5 cxd5 4. Bd3 Nc6 5. c3 Nf6 6. h3 g6 7. Nf3 Bg7 8. 0-0 Bf5 9. Bxf5 gxf5 10. Bf4 0-0 11. Re1 Rc8 12. Ne5 Ne4 13. Qh5 e6 14. f3 Nf6 15. Qh4 Nxe5 16. Bxe5 Nd7 17. Qxd8 Rfxd8 18. Bxg7 Kxg7 19. Nd2 Rc6 20. Nb3 Nb6 21. Re2 Na4 22. Kf2 Kf6 23. g4 fxg4 24. hxg4 Kg6 25. Rh1 Rf8 26. Ke3 Nb6 27. Reh2 Kf6 28. Rh6+ Ke7 29. R1h2 Nc4+ 30. Kd3 Rh8 31. Kc2 Rb6 32. Kc1 a5 33. Nc5 Nd6 34. Rxh7 Rxh7 35. Rxh7 Rc6 36. g5 Ke8 37. Nxb7 Nxb7 38. g6 fxg6 39. Rxb7 e5 40. dxe5 d4 41. Kd2 dxc3+ 42. bxc3 Rc5 43. f4 Rc4 44. Rb5 Ra4 45. Ke3 Rxa2 46. Ke4 Kf7 47. Rb7+ Ke6 48. Rb6+ Kf7 49. Rf6+ Kg7 50. Ra6 Kf7 51. c4 a4 52. c5 a3 53. Kd5 Rd2+ 54. Kc6 a2 55. Kc7 Ke7 56. c6 Rb2 57. Kc8 Rb6 58. Ra7+ Ke8 59. Kc7 Rb2 60. Kd6 Rd2+ 61. Ke6 Kd8 62. Kf7 Rf2 63. c7+ Kc8 64. e6 Rxf4+ 65. Kxg6 Re4 66. Kf7 Rf4+ 67. Kg7 Re4 68. Kf7 Rf4+ 69. Ke7 Rf2 70. Kd6 Rd2+ 71. Kc5 Rc2+ 72. Kd5 Rd2+ 73. Ke5 Re2+ 74. Kf6 Rf2+ 75. Ke7 Rc2 76. Ke8 Re2 77. e7 Rf2 78. Rxa2 Rxa2 79. Kf7 Rf2+ 80. Kg7 Re2 81. Kf7 Rxe7+ 82. Kxe7 Kxc7 1/2-1/2

[Event "TUR-chT 2nd League"]
[Site "Denizli"]
[Date "2023.07.11"]
[Round "4.142"]
[White "Ilek, Kadir Bertan"]
[Black "Gulbas, Isa"]
[Result "1/2-1/2"]
[WhiteElo "1667"]
[BlackElo "1669"]
[PlyCount "93"]
[EventDate "2023.07.09"]
[EventType "team-swiss"]
[EventRounds "9"]
[EventCountry "TUR"]
[SourceTitle "CBM 215 Extra"]
[Source "ChessBase"]
[SourceDate "2023.09.30"]
[SourceVersion "1"]
[SourceVersionDate "2023.09.30"]
[SourceQuality "1"]
[WhiteTeam "Karaman Yunus Emre"]
[BlackTeam "Karaman Tabduk Emre"]
[WhiteTeamCountry "TUR"]
[BlackTeamCountry "TUR"]

1. e4 e5 2. Nf3 Nc6 3. d4 exd4 4. Bc4 Nf6 5. 0-0 Bc5 6. e5 d5 7. exf6 dxc4 8. Re1+ Be6 9. Ng5 g6 10. Qf3 0-0 11. Rxe6 fxe6 12. Nxe6 Qe8 13. Qd5 Rf7 14. Bd2 Bd6 15. Ng5 Rd8 16. Qxf7+ Qxf7 17. Nxf7 Kxf7 18. Bg5 c3 19. bxc3 dxc3 20. f4 Bc5+ 21. Kf1 Bd4 22. Na3 h6 23. Bxh6 Bxf6 24. Bg5 Bxg5 25. fxg5 a6 26. Re1 Rd5 27. Re3 Rf5+ 28. Rf3 Rxf3+ 29. gxf3 Ne7 30. Ke2 Ke6 31. Nb1 Kf5 32. Nxc3 Kxg5 33. Ne4+ Kf4 34. Nc5 Nd5 35. Nxb7 Nc3+ 36. Kf2 Nxa2 37. Nc5 Nb4 38. c3 Nd5 39. Nxa6 Nxc3 40. Nxc7 Nd1+ 41. Ke1 Kxf3 42. Kxd1 Kg2 43. h4 Kh3 44. Nb5 Kxh4 45. Nd4 g5 46. Nf3+ Kg3 47. Nxg5 1/2-1/2

[Event "Mersin op 5th"]
[Site "Mersin"]
[Date "2021.11.21"]
[Round "9"]
[White "Ilek, Kadir Bertan"]
[Black "Hoseini, S Alireza"]
[Result "1/2-1/2"]
[WhiteElo "1493"]
[BlackElo "1873"]
[PlyCount "140"]
[EventDate "2021.11.16"]
[EventType "swiss"]
[EventRounds "9"]
[EventCountry "TUR"]
[SourceTitle "EXT 2023"]
[Source "ChessBase"]
[SourceDate "2022.10.05"]
[SourceVersion "1"]
[SourceVersionDate "2022.10.05"]
[SourceQuality "1"]

1. e4 d5 2. exd5 Qxd5 3. Nc3 Qd8 4. d4 Nf6 5. Nf3 g6 6. Bc4 Bg7 7. h3 0-0 8. 0-0 a6 9. a4 h6 10. Re1 e6 11. Bb3 Nc6 12. Bf4 Ne7 13. Qd2 Kh7 14. Ne4 Nxe4 15. Rxe4 b6 16. Ree1 Bb7 17. Ne5 Nf5 18. c3 Nh4 19. f3 b5 20. Bc2 Bd5 21. Be4 Nf5 22. Qd3 Rb8 23. axb5 axb5 24. Ra7 Qh4 25. Qd2 Rbc8 26. Bxd5 exd5 27. Nd3 g5 28. Bxc7 Nxd4 29. Qf2 Qxf2+ 30. Kxf2 Nc6 31. Rb7 d4 32. cxd4 Bxd4+ 33. Kf1 Kg8 34. Bg3 b4 35. Nxb4 Na5 36. Rd7 Bxb2 37. Nd5 Nc6 38. Re2 Bg7 39. Rc2 Kh7 40. Bd6 Nd4 41. Rxc8 Rxc8 42. Rxf7 Rc1+ 43. Kf2 Rc2+ 44. Kf1 Rc1+ 45. Kf2 Rc2+ 46. Ke3 Kg6 47. Rxg7+ Kxg7 48. Be5+ Kg6 49. Bxd4 Rxg2 50. h4 Ra2 51. hxg5 hxg5 52. Ke4 Re2+ 53. Be3 Re1 54. Nc3 Kh5 55. Nd5 Ra1 56. Nf6+ Kg6 57. Ng4 Ra4+ 58. Kd3 Kf5 59. Nh6+ Kg6 60. Ng4 Kf5 61. Nf2 Ra3+ 62. Ke2 Ra2+ 63. Bd2 Ra6 64. Ne4 Ra2 65. Ke3 Ra3+ 66. Kf2 Ra2 67. Ke2 Rb2 68. Ng3+ Kg6 69. Ke3 Rb3+ 70. Ke4 Rc3 1/2-1/2

[Event "Sivas op 1st"]
[Site "Sivas"]
[Date "2019.08.19"]
[Round "1"]
[White "Ilek, Kadir Bertan"]
[Black "Yontar, Sabrican Onay"]
[Result "1-0"]
[WhiteElo "1384"]
[BlackElo "1881"]
[PlyCount "97"]
[EventDate "2019.08.19"]
[EventType "swiss"]
[EventRounds "9"]
[EventCountry "TUR"]
[SourceTitle "EXT 2020"]
[Source "ChessBase"]
[SourceDate "2019.10.17"]
[SourceVersion "1"]
[SourceVersionDate "2019.10.17"]
[SourceQuality "1"]

1. e4 e5 2. Nf3 Nc6 3. d4 exd4 4. Bc4 Nf6 5. 0-0 d6 6. Nxd4 Bd7 7. Nc3 Be7 8. Re1 0-0 9. Bf4 a6 10. Nd5 b5 11. Bf1 Nxd5 12. Nxc6 Bxc6 13. exd5 Bb7 14. Qd2 Bf6 15. c3 Qd7 16. Bg5 Bxg5 17. Qxg5 f6 18. Qd2 Rfe8 19. g3 Qf5 20. Bg2 Re5 21. f4 Ree8 22. Rxe8+ Rxe8 23. Re1 Rxe1+ 24. Qxe1 Kf8 25. Qe4 Bc8 26. Qxf5 Bxf5 27. Kf2 Bb1 28. a3 g5 29. Ke3 Kg7 30. Bh3 Kg6 31. Bc8 a5 32. Bd7 Ba2 33. Kd4 gxf4 34. gxf4 Bb3 35. Ke4 Bc2+ 36. Ke3 Bb3 37. Kd4 h6 38. Ke4 Bc4 39. Be8+ Kg7 40. Kd4 a4 41. Ke4 Kf8 42. Bh5 Ke7 43. Kd4 f5 44. Bd1 Kf6 45. Bxa4 Be2 46. Bc2 Kg6 47. Bd3 Bf3 48. Bxb5 Kh5 49. a4 1-0

[Event "TUR Cup"]
[Site "Antalya"]
[Date "2019.02.01"]
[Round "9"]
[White "Odabasi, Nail"]
[Black "Ilek, Kadir Bertan"]
[Result "1-0"]
[WhiteElo "1525"]
[BlackElo "1293"]
[PlyCount "39"]
[EventDate "2019.01.27"]
[EventType "swiss"]
[EventRounds "11"]
[EventCountry "TUR"]
[SourceTitle "CBM 188 Extra"]
[Source "ChessBase"]
[SourceDate "2019.02.26"]
[SourceVersion "1"]
[SourceVersionDate "2019.02.26"]
[SourceQuality "1"]

1. d4 Nf6 2. Bf4 d5 3. e3 e6 4. Nf3 Nbd7 5. Nbd2 c5 6. c3 Nh5 7. Bg5 Qc7 8. Bb5 a6 9. Be2 h6 10. Bh4 g5 11. Bg3 Nxg3 12. hxg3 Bd6 13. Nxg5 Bxg3 14. Nh3 Rg8 15. fxg3 Qxg3+ 16. Nf2 Qxe3 17. Nf1 Qg5 18. g4 b5 19. Qd2 Bb7 20. Rxh6 1-0

[Event "TUR Cup"]
[Site "Antalya"]
[Date "2019.01.31"]
[Round "8"]
[White "Karakus, Ali"]
[Black "Ilek, Kadir Bertan"]
[Result "0-1"]
[WhiteElo "1303"]
[BlackElo "1293"]
[PlyCount "132"]
[EventDate "2019.01.27"]
[EventType "swiss"]
[EventRounds "11"]
[EventCountry "TUR"]
[SourceTitle "CBM 188 Extra"]
[Source "ChessBase"]
[SourceDate "2019.02.26"]
[SourceVersion "1"]
[SourceVersionDate "2019.02.26"]
[SourceQuality "1"]

1. e4 e5 2. Nc3 Nc6 3. g3 Nf6 4. Bg2 Bc5 5. d3 a6 6. h3 d6 7. Nge2 Bd7 8. 0-0 Ne7 9. Kh2 c6 10. f4 Ng6 11. f5 Ne7 12. g4 h6 13. Ng3 Qc7 14. Qe2 0-0-0 15. Be3 Bxe3 16. Qxe3 d5 17. Qc5 Rhe8 18. exd5 Nexd5 19. Nxd5 cxd5 20. Qxc7+ Kxc7 21. Rae1 Bc6 22. Rf2 d4 23. Ne4 Nxe4 24. Bxe4 f6 25. Bxc6 Kxc6 26. Rfe2 Re7 27. Kg3 Rc7 28. h4 Kd6 29. Rg2 Rdc8 30. Ree2 Rg8 31. Kf3 Rcc8 32. Ke4 b5 33. Re1 Rc7 34. g5 Rgc8 35. Ree2 hxg5 36. hxg5 Rh8 37. Rg4 Rh3 38. gxf6 Rxc2 39. Rgg2 Rxe2+ 40. Rxe2 gxf6 41. b4 Rg3 42. a3 Rh3 43. Re1 Rg3 44. Re2 Rg4+ 45. Kf3 Rf4+ 46. Kg3 Rxf5 47. Kg2 Rg5+ 48. Kf2 Rg7 49. Kf3 Rc7 50. Ke4 Ke6 51. Rh2 Rc3 52. Rd2 Rxa3 53. Rd1 Rb3 54. Ra1 f5+ 55. Kf3 Rxd3+ 56. Ke2 Re3+ 57. Kd2 Kd5 58. Rxa6 Kc4 59. Rf6 f4 60. Rc6+ Kxb4 61. Rc8 f3 62. Rf8 e4 63. Rd8 Re2+ 64. Kd1 d3 65. Rf8 f2 66. Rf4 Kc3 0-1

[Event "TUR Cup"]
[Site "Antalya"]
[Date "2019.01.28"]
[Round "3"]
[White "Ilek, Kadir Bertan"]
[Black "Kalender, Murat Emre"]
[Result "1-0"]
[WhiteElo "1293"]
[BlackElo "1612"]
[PlyCount "87"]
[EventDate "2019.01.27"]
[EventType "swiss"]
[EventRounds "11"]
[EventCountry "TUR"]
[SourceTitle "CBM 188 Extra"]
[Source "ChessBase"]
[SourceDate "2019.02.26"]
[SourceVersion "1"]
[SourceVersionDate "2019.02.26"]
[SourceQuality "1"]

1. e4 c5 2. Nf3 d6 3. Bb5+ Bd7 4. Bxd7+ Qxd7 5. 0-0 Nc6 6. c3 Nf6 7. Re1 e5 8. d4 g6 9. a3 Bg7 10. b4 cxd4 11. cxd4 exd4 12. e5 dxe5 13. Nxe5 Nxe5 14. Rxe5+ Kf8 15. Bb2 Rd8 16. Re1 Kg8 17. Qd3 h6 18. Nd2 Ng4 19. Nf3 Qd6 20. g3 Ne5 21. Nxe5 Bxe5 22. Re4 f5 23. Re2 Kh7 24. Rae1 Rhe8 25. Qb5 Qd5 26. Qxd5 Rxd5 27. f4 d3 28. Rxe5 Red8 29. Rxd5 Rxd5 30. Rd1 Rd6 31. Kf2 Rc6 32. Ke3 Rc2 33. Rd2 Rc7 34. Rxd3 g5 35. Be5 Rc2 36. Rd2 gxf4+ 37. Bxf4 Rc3+ 38. Rd3 Rc2 39. h4 Ra2 40. Bd6 Kg6 41. b5 Kf6 42. Bc5 Rg2 43. Kf3 Rb2 44. Bd4+ 1-0

[Event "TUR Cup"]
[Site "Antalya"]
[Date "2019.01.28"]
[Round "2"]
[White "Yildiz, Eyup Ensar"]
[Black "Ilek, Kadir Bertan"]
[Result "1-0"]
[WhiteElo "1612"]
[BlackElo "1293"]
[PlyCount "53"]
[EventDate "2019.01.27"]
[EventType "swiss"]
[EventRounds "11"]
[EventCountry "TUR"]
[SourceTitle "CBM 188 Extra"]
[Source "ChessBase"]
[SourceDate "2019.02.26"]
[SourceVersion "1"]
[SourceVersionDate "2019.02.26"]
[SourceQuality "1"]

1. e4 e5 2. Nf3 Nc6 3. Bc4 Bc5 4. c3 Nf6 5. d4 exd4 6. cxd4 Bb4+ 7. Nc3 Nxe4 8. Qc2 d5 9. Bb5 Bf5 10. 0-0 Bxc3 11. bxc3 0-0 12. Qb3 Na5 13. Qa3 c6 14. Bd3 b5 15. Bf4 Nc4 16. Bxc4 bxc4 17. Ne5 Bd7 18. f3 Nf6 19. Qc5 Qb6 20. Qd6 Rfd8 21. Rab1 Qa5 22. Rb7 Qxc3 23. Bg3 Ne8 24. Qe7 Be6 25. Nxf7 Bxf7 26. Qxf7+ Kh8 27. Qf8# 1-0

[Event "TUR Cup"]
[Site "Antalya"]
[Date "2019.01.27"]
[Round "1"]
[White "Ilek, Kadir Bertan"]
[Black "Hatirli, Ugur Can"]
[Result "0-1"]
[WhiteElo "1293"]
[BlackElo "1713"]
[PlyCount "120"]
[EventDate "2019.01.27"]
[EventType "swiss"]
[EventRounds "11"]
[EventCountry "TUR"]
[SourceTitle "CBM 188 Extra"]
[Source "ChessBase"]
[SourceDate "2019.02.26"]
[SourceVersion "1"]
[SourceVersionDate "2019.02.26"]
[SourceQuality "1"]

1. e4 c5 2. Nf3 Nc6 3. d4 cxd4 4. Nxd4 Nf6 5. Nc3 e6 6. Bf4 d6 7. Ndb5 e5 8. Bg5 a6 9. Na3 Be6 10. Nc4 Rc8 11. Bd3 Be7 12. Ne3 0-0 13. 0-0 Nd4 14. Bxf6 Bxf6 15. Ncd5 Bxd5 16. Nxd5 g6 17. c3 Ne6 18. g3 Bg7 19. Qd2 f5 20. f3 f4 21. g4 h5 22. h3 Qh4 23. Qg2 Kf7 24. Rf2 Rh8 25. Bf1 Ng5 26. Rd2 Rcg8 27. Rad1 Bf8 28. Bc4 Kg7 29. Bf1 Rh7 30. Qh1 Qg3+ 31. Qg2 Nxf3+ 32. Kh1 Nxd2 33. Rxd2 hxg4 34. Qxg3 fxg3 35. Kg2 gxh3+ 36. Kxg3 h2 37. Rxh2 Rxh2 38. Kxh2 Rh8+ 39. Kg3 Rh1 40. Kf2 Rh2+ 41. Bg2 Kf7 42. Kg3 Rh5 43. Bf3 Rh7 44. Kf2 Bh6 45. b4 Bf4 46. Bg4 Rh2+ 47. Kf3 Rxa2 48. Bc8 Ra3 49. Bxb7 Bd2 50. Bc6 Bxc3 51. b5 axb5 52. Bxb5 Bd4+ 53. Kg4 Bf2 54. Kg5 Kg7 55. Nf6 Bh4+ 56. Kxh4 Kxf6 57. Bc4 Re3 58. Bd5 Rd3 59. Ba2 Rd4 60. Bb1 d5 0-1